000 00618nam a2200217Ia 4500
005 20241129120232.0
008 241129s9999||||xx |||||||||||||| ||und||
020 _a9781032669076
037 _aTB
040 _aSDCL
_beng
_cSDCL
041 _aeng
_2eng
084 _aY5927, R4
_qSDCL
100 _aRathod Bharat
_9726156
245 0 _aDalit academic journeys: Stories of caste, exclusion and assertion in Indian higher education
260 _aLondon
_bRoutledge
_c2024
300 _axvii,247p.
365 _aINR
_b1295
650 _aEnglish
942 _cTB
_hY5927, R4
999 _c1233936
_d1233936